Регионална библиотека "Любен Каравелов" - Русе

Целина (Запис номер 151240)

MARC детайли
000 -Лидер
Контролно поле с фиксирана дължина 01848nam a2200325 c 4500
003 - Код на организацията, давaща контролен номер
Контролно поле BLK
005 - Дата и час на последна редакция
Контролно поле 20180422113050.0
008 - Елементи от данни с фиксирана дължина
fixed length control field 180410b bul|||||r ||||||| ||bul||
010 ## - Наследен системен номер
LC control number KNG00157626000
040 ## - Източник на каталожния запис
Идентификатор на билиотеката - собственик на записа BLK
041 ## - Код за език
Код за езика на текст/звукозапис или на отделно заглавие Български
Код за езика КДБФ Български
080 ## - УДК
Текстов определител УДК Политически партии и движения
УДК код - определител по УДК 329
УДК определител (47+57)КПСС(092)
УДК - код + определител 329(47+57)КПСС(092)
080 ## - УДК
Текстов определител УДК Социография. Социално положение. Условия на политическия и социалния живот. Социално и социално-икономическо положение на отделните страни, народи, раси. Социална география. (Общи въпроси)
УДК код - определител по УДК 308
УДК определител (47+57)(092)
УДК - код + определител 308(47+57)(092)
080 ## - УДК
Текстов определител УДК Съветски политик и държавник
УДК код - определител по УДК 929 Брежнев, Леонид Илич
УДК определител
УДК - код + определител 929 Брежнев, Леонид Илич
100 1# - Редна дума - Автор
Автор Брежнев, Леонид Илич
Авторска отговорност първи автор
R(LIN) 43159
139 ## - Редно поле
Редна дума Брежнев, Леонид Илич
Авторски знак Бре - Б 80
245 10 - Сведения за заглавието
Заглавие Целина
Подзаглавни данни Спомени за дейността на авт. в Казахстан : 1954 - 1956 г.
Редно поле (дума) Леонид Илич Брежнев; прев. от рус. Борис Сергеев Мисирков.
257 ## - Страна на издаване
Страна на създаване/издаване Русия
260 ## - Област на издателските данни
-- София
Име на издателя, разпространителя и проч. Партиздат
Година на издаване 1978
300 ## - Физическа характеристика
Страници 152 с.
Размери/Мащаб 17 см
380 ## - Жанр
Жанр Обществени науки
500 ## - Общи забележки
Забележка Ориг. загл. Целина. - 70 110 тир.
600 14 - Име на лице, използвано като предмет
За него / За нея Брежнев, Леонид Илич
9 (RLIN) 43159
700 1# - Други автори (авторска отговорност)
Лично име Мисирков, Борис Сергеев
Автороска отговорност (Описва отношението между автора и произведението) прев. от рус.
9 (RLIN) 363376
852 ## - Местоположение
Форматна сигнатура Цб І 16747
856 4# - Електронен адрес и достъп
Електронен формат pdf - файл
Път до файла /url/
856 4# - Електронен адрес и достъп
Електронен формат pdf - файл
Път до файла /url/
942 ## - АРТИКУЛИ
Вид на библиотечния материал Книги
Скрит в OPAC Не
944 ## - СЪЗДАВАНЕ И РЕДАКЦИЯ на ЗАПИСА
Създаване/Редакция Създаване
Дата на регистрацията/редакция 10.03.2014
Статус, дата на статуса 10.03.2014 - от С1,Р / 10.03.2014
Служител, извършил регистрацията/редакцията Правда_Бадева
944 ## - СЪЗДАВАНЕ И РЕДАКЦИЯ на ЗАПИСА
Създаване/Редакция Редакция
Дата на регистрацията/редакция 10.03.2014
Статус, дата на статуса 10.03.2014 - от С1,Р / 10.03.2014
Служител, извършил регистрацията/редакцията
999 ## - СИСТЕМНИ КОНТРОЛНИ НОМЕРА
Koha biblionumber 151240
Koha biblioitemnumber 151240
Наличности
Код за отписване Код за изгубен артикул Източник на класификационната схема Код за повреда Коз за рестрикции Код за отдаване Артикулен № Име на библиотеката - собственик Име на библиотеката, в която се намира в момента Статус (Текущо местоположение) Дата на вписване в системата Местоположение - отдел Цена в лева Инвентарен номер Систематично азбучна сигнатура Баркод Номер на екземпляра Цена в евро Служебна бележка Служебен тип на артикула
  Не е изгубен Universal Decimal Classification Не е повреден без рестрикции ползва се в читалня 252650 Регионална библиотека "Любен Каравелов" Русе Регионална библиотека "Любен Каравелов" Русе Хранилище 1978-01-01 Хранилище 0.40 269903 Цб І 16747 120000269903 1 0.20 N: стар фонд Дата: 01.01.1978 Книги
Изтеглен Не е изгубен Universal Decimal Classification Не е повреден без рестрикции заемане за дома 252651 Регионална библиотека "Любен Каравелов" Русе Регионална библиотека "Любен Каравелов" Русе Заемна - подръчен фонд 1978-01-01 Заемна - подръчен фонд 0.00 269374 П 329/Б 80 269374 2 0.00 N: стар фонд Дата: 01.01.1978 Книги
Изтеглен Не е изгубен Universal Decimal Classification Не е повреден без рестрикции заемане за дома 252652 Регионална библиотека "Любен Каравелов" Русе Регионална библиотека "Любен Каравелов" Русе Заемна - подръчен фонд 1978-01-01 Заемна - подръчен фонд 0.00 269376 П 329/Б 80 269376 3 0.00 N: стар фонд Дата: 01.01.1978 Книги
Vip Innovations Ltd, Rousse, Bulgaria 2025